| 000 | 00625nam a22001937a 4500 | ||
|---|---|---|---|
| 999 |
_c10157 _d10157 |
||
| 003 | GBCCL | ||
| 005 | 20241126110726.0 | ||
| 008 | 240326b ||||| |||| 00| 0 eng d | ||
| 040 | _cgbc | ||
| 082 |
_aVER 227.407 _bVUN |
||
| 100 |
_aVung Minthang, S _97244 |
||
| 245 |
_aGalatiate kianga Paula laikhak hilhchetna / _cS Vung Minthang |
||
| 260 |
_aNew Lamka: _bEvangelical Baptist Convention, _c2024 |
||
| 300 |
_axii, 217 p.; _c 20 cm. |
||
| 440 |
_aSaptuam' Laisiangthou Hilhchetna. _97247 |
||
| 650 |
_aBible _vNew Testament _xGalatians _xcommentary _917618 |
||
| 650 |
_aSunday School, _vEBC _917619 |
||
| 942 |
_2ddc _cBK |
||